[Event "Challenge"]
[Site "http://www.queenalice.com/game.php?id=494949"]
[Date "2008.11.18"]
[Round "-"]
[White "eshiota"]
[Black "lsdr"]
[Result "1-0"]
[WhiteElo "1788"]
[BlackElo "1391"]

1. d3 c6 2. Nf3 e6 3. g3 Qa5+ 4. c3 Nf6 5. Bh3 Bd6 6. Bf4 e5 7. Bd2 Qb6 8. O-O
Na6 9. Na3 e4 10. Ng5 Be5 11. Qb3 Nc5 12. Qxf7+ Kd8 13. Nc4 Qc7 14. Qxg7 Nh5 15.
Qxe5 Qxe5 16. Nxe5 exd3 17. Ngf7+ Ke8 18. Nxh8 dxe2 19. Rfe1 Nf6 20. Rxe2 d6 21.
Nc4+ Be6 22. Bxe6 Nfe4 23. Bf5 d5 24. Nd6+ Ke7 25. Nhf7 h5 26. c4 Kf6 27. f3
Nxg3 28. hxg3 h4 29. f4 h3 30. Bc3+ d4 31. Bxd4# 1-0

[Event "webco"]
[Site "http://www.queenalice.com/game.php?id=498210"]
[Date "2008.11.25"]
[Round "1"]
[White "lucasfais"]
[Black "eshiota"]
[Result "0-1"]
[WhiteElo "1100"]
[BlackElo "1789"]

1. d4 d6 2. Bg5 f6 3. Bf4 Bf5 4. Nf3 Nc6 5. Qd2 g6 6. Nc3 Nb4 7. a3 Nxc2+ 8.
Qxc2 Bxc2 9. Rc1 Bf5 10. e4 Bd7 11. h4 Bh6 12. Be3 c6 13. Bxh6 Nxh6 14. Bc4 Qa5
15. h5 gxh5 16. b4 Qxa3 17. Rb1 Qxc3+ 18. Kf1 Qxc4+ 19. Kg1 Rg8 20. Rxh5 Qc2 21.
Rxh6 Qxb1+ 22. Kh2 Qxe4 23. Rh4 Qg6 24. g3 a5 25. bxa5 Rxa5 0-1

[Event "Revanche"]
[Site "http://www.queenalice.com/game.php?id=499071"]
[Date "2008.11.27"]
[Round "-"]
[White "tinogomes"]
[Black "eshiota"]
[Result "1-0"]
[WhiteElo "1542"]
[BlackElo "1789"]

1. e3 Nf6 2. b3 Nc6 3. Bb2 e5 4. d4 Ne4 5. dxe5 Bb4+ 6. c3 Be7 7. c4 Bb4+ 8. Nc3
Nxc3 9. Qg4 O-O 10. Rd1 Nxd1+ 11. Kxd1 1-0

[Event "webco"]
[Site "http://www.queenalice.com/game.php?id=519905"]
[Date "2009.1.9"]
[Round "2"]
[White "eshiota"]
[Black "rferraz"]
[Result "0-1"]
[WhiteElo "1681"]
[BlackElo "1354"]

1. e3 e5 2. Bb5 Nc6 3. Nf3 Nf6 4. Nc3 Bc5 5. O-O O-O 6. Ng5 h6 7. Nge4 d6 8. Qf3
Nxe4 9. Nxe4 d5 10. Nxc5 a6 11. Bxc6 bxc6 12. b3 e4 13. Qg3 Qg5 14. Qxc7 Bh3 15.
g3 Rfc8 16. Qa5 Qf6 17. c3 Qf3 18. Rd1 Qg2# 0-1

[Event "Challenge"]
[Site "http://www.queenalice.com/game.php?id=524286"]
[Date "2009.1.17"]
[Round "-"]
[White "eshiota"]
[Black "manucies"]
[Result "0-1"]
[WhiteElo "1586"]
[BlackElo "1668"]

1. e3 e6 2. Nf3 Bd6 3. Bc4 Nf6 4. O-O O-O 5. Nd4 Nc6 6. Qf3 Nxd4 7. exd4 Re8 8.
Re1 Nd5 9. Nc3 Nxc3 10. dxc3 Qh4 11. g3 Qe7 12. Bf4 Bxf4 13. Qxf4 d6 14. d5 e5
15. Qe3 a6 16. f4 Bf5 17. fxe5 dxe5 18. Re2 b5 19. Bd3 e4 20. Rae1 Rad8 21. c4
bxc4 22. Bxc4 Qb4 23. b3 h6 24. g4 Bxg4 25. Rg2 f5 26. d6+ Kh7 27. dxc7 Rc8 28.
h3 Bf3 29. Rg3 Rxc7 30. Rxf3 exf3 31. Qxe8 Qd2 32. Qg8+ Kg6 33. Bf1 f2+ 34. Kg2
fxe1=Q+ 0-1

[Event "Challenge"]
[Site "http://www.queenalice.com/game.php?id=530059"]
[Date "2009.1.26"]
[Round "-"]
[White "jcmlima"]
[Black "eshiota"]
[Result "1-0"]
[WhiteElo "1623"]
[BlackElo "1631"]

1. e4 Nf6 2. e5 Ng4 3. d4 d5 4. exd6 Qxd6 5. h3 Nh2 6. Be2 Nc6 7. c3 Bf5 8. Nd2
O-O-O 9. Nc4 Qe6 10. b3 b5 11. Ne3 b4 12. c4 Nxd4 13. Bd2 g6 14. Rxh2 Bh6 15.
Nd5 g5 16. Bxb4 Nc6 17. Bc3 f6 18. Nf3 1-0

[Event "webco"]
[Site "http://www.queenalice.com/game.php?id=531756"]
[Date "2009.1.30"]
[Round "3"]
[White "jcmlima"]
[Black "eshiota"]
[Result "0-1"]
[WhiteElo "1608"]
[BlackElo "1577"]

1. e4 e5 2. Nf3 Nc6 3. c3 Nf6 4. d3 Bc5 5. b4 Bb6 6. Bg5 h6 7. Bxf6 Qxf6 8. a4
a5 9. b5 Ne7 10. Be2 Ng6 11. g3 d6 12. h4 Bg4 13. Nfd2 Qxf2# 0-1

[Event "webco 09"]
[Site "http://www.queenalice.com/game.php?id=554707"]
[Date "2009.3.12"]
[Round "1"]
[White "lucasfais"]
[Black "eshiota"]
[Result "0-1"]
[WhiteElo "1068"]
[BlackElo "1529"]

1. e4 g6 2. Bc4 e6 3. d3 c6 4. Nf3 Bc5 5. Ng5 Qf6 6. Qf3 h6 7. Nh3 d5 8. Bb3
dxe4 9. Qxe4 e5 10. Be3 Bxh3 11. gxh3 Nd7 12. Ba4 Rc8 13. Nc3 b5 14. Bxc5 Nxc5
15. Qb4 Nxa4 16. Ne4 Qf4 17. Nd6+ Kd7 18. Nxc8 Qxb4+ 19. Kf1 Ne7 20. b3 Nc5 21.
Nxa7 e4 22. dxe4 Nxe4 23. Rd1+ Nd5 24. Rg1 Nc3 25. Ke1 Qe4+ 26. Kd2 Qe2+ 27. Kc1
Qxf2 28. a4 Kc7 29. axb5 Ne3 30. bxc6 Qxc2# 0-1

[Event "VINGANÇA"]
[Site "http://www.queenalice.com/game.php?id=561084"]
[Date "2009.3.24"]
[Round "-"]
[White "lucasfais"]
[Black "eshiota"]
[Result "0-1"]
[WhiteElo "1098"]
[BlackElo "1510"]

1. e4 b6 2. Qf3 Nh6 3. e5 e6 4. Qxa8 Nc6 5. Nf3 Bc5 6. d4 Bxd4 7. c3 Bxe5 8.
Bxh6 gxh6 9. Nxe5 Nxe5 10. Qxa7 O-O 11. Nd2 d5 12. O-O-O Ng4 13. Re1 Nxf2 14.
Rg1 Qg5 15. Qxc7 Ne4 16. Re2 Rd8 17. h4 Qxh4 18. Nxe4 dxe4 19. g3 Qg5+ 20. Qf4
e5 21. Qxg5+ hxg5 22. Rxe4 f6 23. Bc4+ Kg7 24. Rd1 Re8 25. Rd6 f5 26. Re3 e4 27.
Bb5 Re5 28. Bd7 f4 29. Re2 Ba6 30. Rh2 Bd3 31. Rhh6 e3 32. Rhe6 Rxe6 33. Rxe6 e2
34. Re7+ Kh6 35. g4 f3 36. Re6+ Kg7 37. Kd2 f2 38. Re7+ Kh6 39. Kxd3 e1=Q 40.
Re6+ Qxe6 41. Bxe6 f1=Q+ 42. Kd4 Qb5 43. c4 Qxb2+ 44. Kd5 Qxa2 45. Bg8 b5 0-1

[Event "webco 09"]
[Site "http://www.queenalice.com/game.php?id=561195"]
[Date "2009.3.24"]
[Round "2"]
[White "rferraz"]
[Black "eshiota"]
[Result "1-0"]
[WhiteElo "1683"]
[BlackElo "1515"]

1. d4 e6 2. c4 Nc6 3. Nc3 Bb4 4. Nf3 Bxc3+ 5. bxc3 d5 6. Ne5 Nxe5 7. dxe5 c6 8.
e4 b5 9. cxd5 cxd5 10. exd5 exd5 11. Bxb5+ Bd7 12. Bxd7+ Qxd7 13. O-O Nh6 14.
Bxh6 gxh6 15. Re1 Rd8 16. Qh5 Qe6 17. Rad1 Rg8 18. g3 Rg5 19. Qe2 f6 20. exf6
Qe4 21. Qb5+ Kf7 22. Rxe4 dxe4 23. Qb7+ Kxf6 24. Rxd8 Ra5 25. Rd6+ Kg5 26. Qe7+
Kg4 27. Qh4+ Kf3 28. Qf4+ Ke2 29. Qe3# 1-0

[Event "Challenge"]
[Site "http://www.queenalice.com/game.php?id=561655"]
[Date "2009.3.25"]
[Round "-"]
[White "eshiota"]
[Black "montelo"]
[Result "0-1"]
[WhiteElo "1510"]
[BlackElo "1670"]

1. g3 e5 2. Nf3 Nc6 3. b3 Qf6 4. Bh3 d5 5. O-O Bxh3 6. Nc3 Bxf1 7. Qxf1 d4 8.
Nd5 Qd8 9. e4 Nf6 10. Qc4 Nxd5 11. exd5 Na5 12. Qa4+ c6 13. c4 b5 14. cxb5 Bc5
15. Nxe5 O-O 16. dxc6 Bb6 17. b4 Nxc6 18. Nxc6 Qf6 19. Bb2 a6 20. bxa6 Rfc8 21.
Rc1 Re8 22. d3 Re2 23. Rf1 Rxb2 24. a7 Qe6 0-1

[Event "webco 09"]
[Site "http://www.queenalice.com/game.php?id=566995"]
[Date "2009.4.4"]
[Round "3"]
[White "eshiota"]
[Black "jcmlima"]
[Result "0-1"]
[WhiteElo "1496"]
[BlackElo "1646"]

1. e4 e5 2. Nf3 d6 3. c3 Nc6 4. Qa4 Bd7 5. Bb5 Nf6 6. d3 a6 7. Bxc6 Bxc6 8. Qb3
b5 9. Ng5 Qe7 10. Be3 h6 11. Nf3 g5 12. a4 g4 13. Nh4 Nd7 0-1

[Event "XecaAqui!"]
[Site "http://www.queenalice.com/game.php?id=613195"]
[Date "2009.7.4"]
[Round "1"]
[White "eshiota"]
[Black "rferraz"]
[Result "0-1"]
[WhiteElo "1482"]
[BlackElo "1669"]

1. g4 d5 2. Bh3 Nc6 3. Nf3 Nf6 4. d4 e6 5. Bg5 Be7 6. Bxf6 Bxf6 7. c3 O-O 8. Rg1
b6 9. g5 Be7 10. Qd3 g6 11. Ne5 Nxe5 12. dxe5 Bxg5 13. e3 c5 14. c4 dxc4 0-1

[Event "XecaAqui!!"]
[Site "http://www.queenalice.com/game.php?id=635886"]
[Date "2009.8.13"]
[Round "1"]
[White "lsdr"]
[Black "eshiota"]
[Result "1-0"]
[WhiteElo "1445"]
[BlackElo "1470"]

1. e4 e6 2. e5 d5 3. d4 Na6 4. Nf3 h6 5. Na3 c6 6. c3 b6 7. Bd3 c5 8. Bb5+ Ke7
9. b4 f6 10. O-O cxb4 11. cxb4 Nxb4 12. Bd2 Kf7 13. Qc1 Ba6 14. Qc6 Nxc6 15.
Bxa6 fxe5 16. Bb7 Nxd4 17. Nxe5+ Kf6 18. f4 Bd6 19. Nc6 Bxa3 20. Nxd8 Rxd8 21.
Be3 Nc2 22. Rab1 Nxe3 23. Rf3 Nc2 24. Rd1 Bc5+ 25. Kf1 Ne3+ 26. Ke1 Nxd1 27.
Kxd1 Ne7 28. g4 d4 29. g5+ hxg5 30. fxg5+ Kxg5 31. Rf7 1-0

[Event "Asatim Chess"]
[Site "http://www.queenalice.com/game.php?id=681940"]
[Date "2009.11.12"]
[Round "1"]
[White "eshiota"]
[Black "tinogomes"]
[Result "0-1"]
[WhiteElo "1447"]
[BlackElo "1606"]

1. f3 e5 2. e4 Bc5 3. Nh3 d5 4. Nc3 Bxh3 5. g3 Qd7 6. Nxd5 Na6 7. f4 Nb4 8. Nxb4
Bxb4 9. c3 Bc5 10. Bxh3 Qxh3 11. d4 exd4 12. cxd4 Bb4+ 13. Bd2 Qg2 14. Qa4+ c6
15. O-O-O Bxd2+ 16. Rxd2 Qxh1+ 17. Kc2 Qxe4+ 18. Kc3 Ne7 19. b4 Nd5+ 0-1